| 000 | 01106nam a22002297a 4500 | ||
|---|---|---|---|
| 005 | 20220208102437.0 | ||
| 008 | 220208b ||||| |||| 00| 0 eng d | ||
| 020 | _a0374200386 | ||
| 040 | _cAL | ||
| 041 | _aEnglish | ||
| 082 |
_223 _a864 _bLLOM |
||
| 100 |
_aMario Vargas Llosa _917549 |
||
| 245 | _aMaking waves | ||
| 260 |
_aNew York _bFarrar, Straus and Giroux _c1997 |
||
| 300 |
_axxi,338 p. _bHB _c23.5x15.5 cm. |
||
| 520 | _aTranslations of 46 short articles comprising a collection of Vargas Llosa's writings from early 1960s-93, chosen for their diversity of topics. Presented in chronological order with some grouped thematically; political and literary development stressed. Locating foreword, index. Excellent translations. Compelling selection, with most recent pieces from DesafĂos a la libertad (see HLAS 56:3742)"--Handbook of Latin American Studies, v. 58. | ||
| 650 |
_aPeruvian essays -- 20th century -- Translations into English _917550 |
||
| 650 |
_aPeruvian essays. _917551 |
||
| 700 |
_aLLOSA (Mario Vargas ) _917552 |
||
| 700 |
_aKING (John) Ed _917553 |
||
| 942 |
_2ddc _cGF |
||
| 999 |
_c221446 _d221446 |
||